LIBRARY ONLINE CATALOGUE

Principles of instrumental analysis / (Record no. 19830)

MARC details
000 -LEADER
fixed length control field 01222cam a2200349 i 4500
001 - CONTROL NUMBER
control field 19237958
003 - CONTROL NUMBER IDENTIFIER
control field OSt
005 - DATE AND TIME OF LATEST TRANSACTION
control field 20250616094401.0
008 - FIXED-LENGTH DATA ELEMENTS--GENERAL INFORMATION
fixed length control field 160819s2018 at a b 001 0 eng
010 ## - LIBRARY OF CONGRESS CONTROL NUMBER
LC control number 2016951793
020 ## - INTERNATIONAL STANDARD BOOK NUMBER
International Standard Book Number 1305577213
040 ## - CATALOGING SOURCE
Original cataloging agency DLC
Language of cataloging eng
Description conventions rda
Transcribing agency DLC
Modifying agency DLC
042 ## - AUTHENTICATION CODE
Authentication code pcc
050 00 - LIBRARY OF CONGRESS CALL NUMBER
Classification number QD79.I5
Item number S58 2018
100 1# - MAIN ENTRY--PERSONAL NAME
Personal name Skoog, Douglas A.,
245 10 - TITLE STATEMENT
Title Principles of instrumental analysis /
Statement of responsibility, etc. Douglas A. Skoog, F. James Holler & Stanley R. Crouch
250 ## - EDITION STATEMENT
Edition statement 7th ed.
264 #1 - PRODUCTION, PUBLICATION, DISTRIBUTION, MANUFACTURE, AND COPYRIGHT NOTICE
Place of production, publication, distribution, manufacture Australia :
Name of producer, publisher, distributor, manufacturer Cengage Learning,
Date of production, publication, distribution, manufacture, or copyright notice 2018
300 ## - PHYSICAL DESCRIPTION
Extent xix, 959 p:
336 ## - CONTENT TYPE
Content type term text
Content type code txt
Source rdacontent
337 ## - MEDIA TYPE
Media type term unmediated
Media type code n
Source rdamedia
338 ## - CARRIER TYPE
Carrier type term volume
Carrier type code nc
Source rdacarrier
504 ## - BIBLIOGRAPHY, ETC. NOTE
Bibliography, etc Includes bibliographical references and index.
505 0# - FORMATTED CONTENTS NOTE
Formatted contents note Measurement basics -- Atomic spectroscopy -- Molecular spectroscopy -- Electroanalytical chemistry -- Separation methods -- Miscellaneous methods.
650 #0 - SUBJECT ADDED ENTRY--TOPICAL TERM
Topical term or geographic name as entry element Instrumental analysis
Form subdivision Textbooks.
700 1# - ADDED ENTRY--PERSONAL NAME
Personal name Holler, F. James,
700 1# - ADDED ENTRY--PERSONAL NAME
Personal name Crouch, Stanley R.,
906 ## - LOCAL DATA ELEMENT F, LDF (RLIN)
a 7
b cbc
c origcop
d 2
e ncip
f 20
g y-gencatlg
942 ## - ADDED ENTRY ELEMENTS (KOHA)
Source of classification or shelving scheme Library of Congress Classification
Koha item type General Collection
Holdings
Withdrawn status Lost status Source of classification or shelving scheme Not for loan Home library Current library Date acquired Cost, normal purchase price Total Checkouts Full call number Barcode Date last seen Price effective from Koha item type Shelving location Inventory number Copy number
    Library of Congress Classification   Kabarak, Main Campus Kabarak, Main Campus 12/01/2023 7126.00   QD79.I5 S58 2018 c.1 33051 12/01/2023 12/01/2023 General Collection      
    Library of Congress Classification   Kabarak, Main Campus Kabarak, Main Campus 16/06/2025 7454.00   QD79 .S56 2018 C.5 33165 16/06/2025 16/06/2025 General Collection General Stacks 2025/2130 C.5
    Library of Congress Classification   Kabarak, Main Campus Kabarak, Main Campus 16/06/2025 7454.00   QD79 .S56 2018 C.4 33164 16/06/2025 16/06/2025 General Collection General Stacks 2025/2131 C.4
    Library of Congress Classification   Kabarak, Main Campus Kabarak, Main Campus 16/06/2025 7454.00   QD79 .S56 2018 C.3 33163 16/06/2025 16/06/2025 General Collection General Stacks 2025/2132 C.3
    Library of Congress Classification   Kabarak, Main Campus Kabarak, Main Campus 16/06/2025 7454.00   QD79 .S56 2018 C.2 33166 16/06/2025 16/06/2025 General Collection General Stacks 2025/2129 C.2